| 000 | 02872nam0a2200481 4500 | ||
|---|---|---|---|
| 001 | RU\NLR\BIBL_A\011293075 | ||
| 005 | 20260408123654.0 | ||
| 020 |
_aRU _9От Февраля к Октябрю: коллекция листовок/Рос. нац. б-ка |
||
| 035 | _a(NLR Aleph) 011293075 | ||
| 090 |
_a10933547 _c10933547 |
||
| 100 | _a20161215j19170707|||y0rusy50 ca | ||
| 101 | 0 | _arus | |
| 102 | _aRU | ||
| 105 | _ay z 000yy | ||
| 135 | _acrcn 024apada | ||
| 200 | 1 |
_aТелеграммы "Петроградского Телеграфного агентства". Пятница 7 июля 1917 года _iСообщение из ставки _iК событиям в Петрограде _e[листовка] |
|
| 210 |
_aКлинцы [Черниговская губ.] _cИзд. Исполн. Ком. С.Р. и С.Д. _d[1917, 7 июля] |
||
| 215 |
_a[1] л. в 2 стб. _d31х22 |
||
| 300 | _aПеред текстом: № 3 | ||
| 300 | _aТекст на обеих сторонах листа | ||
| 300 | _aПодпись: Ред. Член. Ред. Ком. Б.Н. Вознесенский | ||
| 300 | _aКоллекция листовок "От Февраля к Октябрю" (1 экз.) | ||
| 316 |
_aНа листовке рукопис. пометы: Перед текстом: Зарегистрирована у Клинцовского комиссара 9 июля 1917 г. за № 100. Комиссар: [подпись неразборчива]. В конце текста на 1-й стороне листа: В Петроградскую Публичную библиотеку _5NLR |
||
| 325 | 1 | _aКопия доступна в Электронной библиотеке РНБ | |
| 327 | 1 | _aО событиях в России 6 июля 1917 г. | |
| 333 | _aПеред текстом: Цена 5 коп. | ||
| 540 | 1 |
_aОт Февраля к Октябрю _eлистовки |
|
| 540 | 1 | _aО событиях в России 6 июля 1917 г. | |
| 607 |
_aРоссия _jЛистовки _xИстория _z1917 _92250871 _3RU\NLR\AUTH\661350120 |
||
| 686 | 0 | _aТ3(2)524.2,011 | |
| 686 | 0 | _aТ3(2)711.19-68,011 | |
| 686 | 1 | _aЦ35(2)711,011 | |
| 702 | 1 |
_4720 _aВознесенский _bБ.Н. _cжурналист _9167125 _3RU\NLR\AUTH\770167172 |
|
| 710 | 0 | 2 |
_aПетроградское телеграфное агентство _3RU\NLR\AUTH\880426910 _9518409 |
| 711 | 0 | 1 |
_aРоссия _bВерховный главнокомандующий _c1914-1917 _bСтавка _3RU\NLR\AUTH\8810032471 _9563489 |
| 852 | 0 | 0 |
_aNLR _bФл _jXV/87 |
| 942 | _cBOOK | ||
| 980 | _aNB | ||
| 981 | 4 | 2 |
_a(42) 1917: от Февраля к Октябрю _b(42) Листовки 1917 года |